000 00793nam a2200205Ia 4500
003 GCL
005 20240530105202.0
008 140319s9999 xx 000 0 ara d
040 _aGCL /
_cGCL
082 0 4 _a610.7
_bأ ت
100 1 _aابات ، فرد
245 1 0 _aتطوير اساليب تعليم العاملين فى الرعاية الصحية : مرشد عملى للتخطيط واتخاذ القرار والتدبير /
_cفرد ايات ، روزمارى ماكماهون
260 _a[S.N] :
_bميدتو للتنمية والرعاية الصحية ،
_c1991
650 0 4 _aالادارة
650 0 4 _aالصحة العامة
650 0 4 _aالتدريب المهنى
650 0 4 _aدراسات ميدانية
700 1 _aد.ع.عبدالله
942 _2ddc
_cBK
999 _c53758
_d53758